02692nab a2200205uuc4500001000800000005001700008008004100025035001200066040001300078041000800091100003000099245006900129520198900198650002802187650003402215700003702249700003902286700002902325773013202354134224820240202113224.0130909e20110805 spa  a1342248 ccomduadb aspa10aLima, Hector de4auteaut10aLeishmaniasis cutánea americana en Venezuela, bienio 2008-20093 aSe presenta el reporte epidemiológico de la Leishmaniasis Cutánea Americana (LCA) en Venezuela para los años 2008-2009. Se describen las características epidemiológicas generales, junto a algunos aspectos clínico-inmunológicos de sus diferentes formas clínicas. Esto se logro a través del análisis de la base de datos del registro nacional de leishmaniasis del Instituto de Biomedicina. La información fue analizada con Epi Info 3.5.1 y Excel. Un total de 4.640 casos de las diferentes formas clínicas de leishmaniasis cutánea fueron diagnosticados en el periodo 2008-2009, una media de 2.320 casos por año, con una tasa promedio anual de 8,25 por 100.000 habitantes. Predomina el sexo masculino con una razón de masculinidad de 1,84 para el periodo en estudio. Casos en todas las edades, con predominio numérico en el grupo de 5 a 34 años, edad promedio fue de 31,09 y 33,91 años para 2008 y 2009 respectivamente. En cuanto a la ocupación 22,39 % corresponde a personas del sector agropecuario, seguido de estudiantes con 20,88% de los casos. Se registraron casos en todas las entidades federales menos en Nueva Esparta, en este periodo los estados con mayor número de casos fueron, Lara con 910 (19,61%), Miranda con 650 (14,01%) y Táchira con 488 (10,52%). En cuanto a las formas clínicas se observó un predominio franco de la leishmaniasis cutánea localizada con 97,84% de los casos (4.540/4.640). Mientras que las formas localizadas están distribuidas por todo el territorio nacional, las formas difusas predominan en el estado Lara (63,64%, 7/11), las formas Mucosas en los estados Bolívar (21,74%, 10/46), Portuguesa (15,22%, 7/46) y Miranda, Táchira, Zulia (10,87%, 5/46 c/u) y finalmente las formas intermedias en los estados Monagas (30,23%, 13/43), Miranda (18,60%, 8/43) y Táchira (13,95%, 6/43). Las características clínicas e inmunológicas estudiadas variaron de acuerdo con las diferentes formas clínicas. aLeishmaniasis cutánea aLeishmaniasis - Epidemiologia10aBorges, Rafael Horacio4auteaut10aConvit García, Jacinto4auteaut10aEscobar, Jaime4auteaut0 tBoletín de Malariología y Salud Ambiental (Maracay)gVol. 51, No. 02, Ago.-Dic. 2011, p. 215-224w952894x1690-46480369895